ARRUPE JESUIT UNIVERSITY

CORONAVIRUS -STOP THE SPREAD - CLEAN,DISINFECT,COVER

The quest for community and identity (Record no. 99603)

MARC details
000 -LEADER
fixed length control field 00644nam a2200253Ia 4500
003 - CONTROL NUMBER IDENTIFIER
control field 0100
008 - FIXED-LENGTH DATA ELEMENTS--GENERAL INFORMATION
fixed length control field 130307s9999 xx 000 0 und d
020 ## - INTERNATIONAL STANDARD BOOK NUMBER
International Standard Book Number 0742512924
040 ## - CATALOGING SOURCE
Transcribing agency ARRUPELIB
050 ## - LIBRARY OF CONGRESS CALL NUMBER
Classification number HT1581.Q47 2002
300 ## - PHYSICAL DESCRIPTION
Other physical details 23cm
245 #4 - TITLE STATEMENT
Title The quest for community and identity
245 ## - TITLE STATEMENT
Remainder of title critical essays in Africana social philosophy
260 ## - PUBLICATION, DISTRIBUTION, ETC. (IMPRINT)
Place of publication, distribution, etc Lanham
260 ## - PUBLICATION, DISTRIBUTION, ETC. (IMPRINT)
Name of publisher, distributor, etc Rowman and Littlefield Publishers
260 ## - PUBLICATION, DISTRIBUTION, ETC. (IMPRINT)
Date of publication, distribution, etc 2002
300 ## - PHYSICAL DESCRIPTION
Extent 291p.
440 ## - SERIES STATEMENT/ADDED ENTRY--TITLE
Title New Critical Theory
650 ## - SUBJECT ADDED ENTRY--TOPICAL TERM
Topical term following geographic name as entry element Creative ability
650 ## - SUBJECT ADDED ENTRY--TOPICAL TERM
Location of event Subconsciousness
650 ## - SUBJECT ADDED ENTRY--TOPICAL TERM
Active dates Insight
700 ## - ADDED ENTRY--PERSONAL NAME
Personal name Birt, Robert E. (ed.)
942 00 - ADDED ENTRY ELEMENTS (KOHA)
Koha issues (borrowed), all copies 3
Holdings
Withdrawn status Lost status Source of classification or shelving scheme Damaged status Not for loan Collection code Home library Current library Shelving location Date acquired Total Checkouts Full call number Barcode Date last seen Date checked out Copy number Price effective from Koha item type
    Library of Congress Classification     Main Collection ARRUPE LIBRARY ARRUPE LIBRARY   07/03/2013 4 HT1581.Q47 2002 46003071729 10/09/2018 07/09/2018 1 07/03/2013 Monograph ( Printed materials)

 

Arrupe Library. PO Box MP320 Mt Pleasant, Harare, Zimbabwe
263 242 745411|librarian@aju.ac.zw